Souvenirs de la Réformation / (Record no. 165649)

MARC details
000 -LEADER
campo de control de longitud fija 00862nam a22002295i 4500
001 - NÚMERO DE CONTROL
campo de control 165649
003 - IDENTIFICADOR DE NÚMERO DE CONTROL
campo de control ES-MaACL
005 - FECHA Y HORA DE LA ÚLTIMA TRANSACCIÓN
campo de control 20250831075150.0
008 - DATOS DE LONGITUD FIJA--INFORMACIÓN GENERAL
campo de control de longitud fija 050831s1872 fr af | |||||||| ||fre d
040 ## - FUENTE DE CATALOGACIÓN
Centro catalogador/agencia de origen CAM
Lengua de catalogación spa
Centro/agencia transcriptor CAM
245 00 - MENCIÓN DEL TÍTULO
Título Souvenirs de la Réformation /
Mención de responsabilidad, etc. traduit librement de l'anglais; [orné de 8 gravures coloriees sur acier.
260 ## - PUBLICACIÓN, DISTRIBUCIÓN, ETC.
Lugar de publicación, distribución, etc. Toulouse :
Nombre del editor, distribuidor, etc. Société des Livres Religieux,
Fecha de publicación, distribución, etc. 1872 (
Fabricante Imprimerie A. Chauvin et Fils)
300 ## - DESCRIPCIÓN FÍSICA
Extensión 261 p., [8] h. de lám. ;
Dimensiones 19 cm.
599 ## - NOTA A LAS ILUSTRACIONES
NOTA A LAS ILUSTRACIONES Las h. de lám., coloreadas.
650 #7 - PUNTO DE ACCESO ADICIONAL DE MATERIA--TÉRMINO DE MATERIA
Término de materia o nombre geográfico como elemento de entrada Reforma
Fuente del encabezamiento o término embne
9 (RLIN) 16717
710 2# - ENTRADA AGREGADA--NOMBRE DE ENTIDAD CORPORATIVA
Nombre de entidad corporativa o nombre de jurisdicción como elemento de entrada Societé des Livres Religieux,
Término indicativo de función/relación
9 (RLIN) 134934
710 2# - ENTRADA AGREGADA--NOMBRE DE ENTIDAD CORPORATIVA
Nombre de entidad corporativa o nombre de jurisdicción como elemento de entrada A. Chauvin et Fils,
Término indicativo de función/relación
9 (RLIN) 134081
752 ## - ENTRADA AGREGADA--NOMBRE JERÁRQUICO DEL LUGAR
País o entidad superior Francia -
Ciudad Toulouse
852 ## - LOCALIZACIÓN
Ubicación ES-MaACL
Número de control de estantería D-1311
Nota libre -- Rúst.
-- -- Legado de M. de la Fuente
Holdings
Estatus retirado Estado de pérdida Estado de daño No para préstamo Colección Biblioteca de origen Biblioteca actual Ubicación en estantería Fecha de adquisición Fuente de adquisición Total de préstamos Signatura topográfica completa Código de barras Visto por última vez Precio de reemplazo Tipo de ítem Koha
        Libros del s. XIX Biblioteca del Ateneo de Madrid Biblioteca del Ateneo de Madrid Sala Valle Inclán 17/01/2008     D-1311 901173720 23/02/2023 23/02/2023 Libro impreso antiguo